Noms de pays codés - Statistiques

Statistiques générales
  • Ce quiz a été pris 37 fois
  • Le résultat moyen est 8 sur 20
Statistiques - réponses
Code Pays % Correct
yphp Togo
89%
gtz,vr France
54%
Lpdpbp Kosovo
54%
dubk bsz Finlande
46%
ùzmzxo Malawi
46%
zmh"tor Algérie
43%
odmz,fr Islande
43%
yzoxz, Taiwan
43%
rhu^yr Egypte
40%
lothjoeodyz, Kirghizistan
40%
dzo,bo,vr,rmrhtr,zfo,rd Saint-Vincent-et-les-Grenadines
40%
zetrge&z Erythrée
37%
kuvtz Libye
37%
kury buz Lituanie
34%
f&iefuz Géorgie
31%
fe§xz Grèce
31%
fyub&z Guinée
31%
l x&sibzsybies Macédoine du Nord
29%
e&oyvkuYZRXG§yz République tchèque
29%
q li Samoa
29%
Aucun quiz correspondant
Distribution des résultats
% des personnes avec chaque résultat
Percentile par nombre de réponses
Votre historique - résultats
Vous n’avez pas pris ce quiz